| 000 -LEADER | |
|---|---|
| fixed length control field | 00513nam a22001577a 4500 |
| 005 - DATE AND TIME OF LATEST TRANSACTION | |
| control field | 20230112120612.0 |
| 008 - FIXED-LENGTH DATA ELEMENTS--GENERAL INFORMATION | |
| fixed length control field | 200225b xxu||||| |||| 00| 0 eng d |
| 020 ## - INTERNATIONAL STANDARD BOOK NUMBER | |
| ISBN | 978-81-239-1617-0 |
| 041 ## - LANGUAGE CODE | |
| Language code of text/sound track or separate title | eng |
| 100 ## - MAIN ENTRY--AUTHOR NAME | |
| Personal name | NEMA,RAJESH KUMAR AND MEYYANATHAN, S.N. (OTHERS) |
| 245 ## - TITLE STATEMENT | |
| Title | A PRACTICAL APPROACH TO PHARMACEUTICAL ANALYSIS: Instrumental and manual( for b . pharmacy and M. Pharmacy students) |
| 260 ## - PUBLICATION, DISTRIBUTION, ETC. (IMPRINT) | |
| Place of publication | NEW DELHI |
| Name of publisher | CBS |
| Year of publication | 2008 |
| 300 ## - PHYSICAL DESCRIPTION | |
| Number of Pages | 207p, |
| 650 ## - SUBJECT ADDED ENTRY--TOPICAL TERM | |
| Topical Term | PHARMACY |
| General subdivision | B.PHARMA |
| 942 ## - ADDED ENTRY ELEMENTS (KOHA) | |
| Koha item type | Books |
| Lost status | Damaged status | Collection code | Home library | Current library | Shelving location | Date acquired | Source of acquisition | Cost, normal purchase price | Accession Number | Koha item type | Full call number |
|---|---|---|---|---|---|---|---|---|---|---|---|
| Reference | JRU Library | JRU Library | SHELF-4-D | 25/02/2020 | PURCHESS | 350.00 | 23658 | Books | |||
| PHARMACY | JRU Library | JRU Library | Shelf - 27- C | 25/02/2020 | PURCHESS | 350.00 | 23659 | Books | 615.190 | ||
| PHARMACY | JRU Library | JRU Library | Shelf - 27- C | 25/02/2020 | PURCHESS | 350.00 | 23660 | Books | 615.190 | ||
| PHARMACY | JRU Library | JRU Library | Shelf - 27- C | 09/02/2022 | PURCHASE | 425.00 | 26047 | Books | 615.190 | ||
| PHARMACY | JRU Library | JRU Library | Shelf - 27- C | 09/02/2022 | PURCHASE | 425.00 | 26048 | Books | 615.190 |